000 00522nmm a2200169Ia 4500
008 251105s9999||||xx |||||||||||||||||und||
020 _a8497425294
041 _aspa
100 _aAmutio Kareaga, Alberto
245 0 _aRelajación y meditación: un manual práctico para afrontar el estrés
264 _a[Madrid, España] :
_bBiblioteca Nueva,
_c2006
300 _a256 páginas
490 _aPsicología Universidad
650 _aPsychology
856 _uhttps://public.digitaliapublishing.com/a/5305
942 _cCF
999 _c74220
_d74220